| 000 | 00680nam a2200217 i 4500 | ||
|---|---|---|---|
| 001 | 44424 | ||
| 003 | ES-MaACL | ||
| 005 | 20250829103230.0 | ||
| 007 | t| | ||
| 008 | 030321s1963 sp ||||1| spa d | ||
| 110 | 1 |
_aColombia. _92998 |
|
| 240 | 1 | 0 | _aCódigo civil, 1873 |
| 245 | 1 | 0 |
_aCódigo civil de Colombia / _cestudio preliminar del Dr. Alfonso Uribe Misas. |
| 260 |
_aMadrid : _bInstituto de Cultura Hispánica, _c1963. |
||
| 300 |
_a459 p. ; _c22 cm. |
||
| 650 | 4 |
_aDerecho civil- _zColombia. _9171525 |
|
| 700 | 1 |
_aUribe Misas, Alfonso. _9112163 |
|
| 710 | 2 |
_aInstituto de Cultura Hispánica (España) _94854 |
|
| 852 |
_aES-MaACL _jC-24109 |
||
| 999 |
_c44424 _d44424 |
||